000
00342nam a2200157Ia 4500
003
Ost
005
20260225132541.0
008
260225s9999||||xx |||||||||||||| ||und||
040
_c
fsic
041
_a
fre
082
_a
920
100
_a
Vladimir Hudec
_e
Auteur
245
0
_a
Le journalisme /
245
0
_c
Vladimir Hudec
942
_c
كتاب
999
_c
33552
_d
33552